| 000 | 00467nam a22001697a 4500 | ||
|---|---|---|---|
| 003 | OSt | ||
| 005 | 20260425013254.0 | ||
| 008 | 260425b |||||||| |||| 00| 0 eng d | ||
| 020 | _a 0-451-52275-3 | ||
| 040 |
_aDWC-Admin lib _cOC |
||
| 082 | _aFic. Al19L 1986 | ||
| 100 | _aAlcott, Louisa May | ||
| 245 |
_aLittle men / _cLouisa May Alcott |
||
| 260 |
_aN. Y. : _b Penguin Group, _cc1986. |
||
| 300 |
_a 350 p. ; _c18 cm. |
||
| 942 |
_2ddc _cFIC. _hFic. _n0 |
||
| 999 |
_c9874 _d9874 |
||